Gaming Quiz

Random Gaming or Board Games Quiz

Candy Land Picture Click Quiz Stats

 Plays Quiz Updated Jul 26, 2017

Support Sporcle.
Go Orange.
Score 0/9 Timer 01:00
16 Plays Today
% Correct
Molasses Swamp
87.8%
Candy Castle
87.6%
Lollipop Woods
86.4%
Peppermint Forest
83.5%
Peanut Brittle House
82.5%
Gingerbread Plum Trees
80.5%
Licorice Castle
76.4%
Gumdrop Mountains
71.8%
Ice Cream Sea
60.9%

You're not logged in!

Compare scores with friends on all Sporcle quizzes.
OR
Log In
Forgot?

From the Vault

US Presidents Missing Initials

by NO_r_WAY

Well you know, some letters are just unnecessary.
Remove Ads.
Support Sporcle.
Get the best of Sporcle when you Go Orange. This ad-free experience offers more features, more stats, and more fun while also helping to support Sporcle. Thank you for becoming a member.

Show Comments

Extras

Top Quizzes Today


Score Distribution

Your Account Isn't Verified!

In order to create a playlist on Sporcle, you need to verify the email address you used during registration. Go to your Sporcle Settings to finish the process.

Report this User

Report this user for behavior that violates our Community Guidelines.

Details: